Thiên tài đối lập Bí quyết kết hợp của các cặp đôi hướng nội và hướng ngoại để đạt được những thành quả phi thường
Gồm 3 phần trình bày các nội dung: Tổng quan về các cặp đôi đối lập; Các bước của chu trình hợp nhất các cặp đôi đối lập; Kết quả
Đã lưu trong:
| Tác giả chính: | |
|---|---|
| Tác giả khác: | |
| Định dạng: | Sách |
| Ngôn ngữ: | Undetermined |
| Được phát hành: |
H.
Dân Trí
2018
|
| Những chủ đề: | |
| Truy cập trực tuyến: | http://lrc.tdmu.edu.vn/opac/search/detail.asp?aID=2&ID=35510 |
| Các nhãn: |
Thêm thẻ
Không có thẻ, Là người đầu tiên thẻ bản ghi này!
|
| Thư viện lưu trữ: | Trung tâm Học liệu Trường Đại học Thủ Dầu Một |
|---|
| LEADER | 01076nam a2200229Ia 4500 | ||
|---|---|---|---|
| 001 | TDMU_35510 | ||
| 008 | 210410s9999 xx 000 0 und d | ||
| 082 | |a 808.1 | ||
| 090 | |b K102 | ||
| 100 | |a Kahnweiler, Jennifer B | ||
| 245 | 0 | |a Thiên tài đối lập | |
| 245 | 0 | |b Bí quyết kết hợp của các cặp đôi hướng nội và hướng ngoại để đạt được những thành quả phi thường | |
| 245 | 0 | |c Jennifer B. Kahnweiler; Hạnh Nguyên | |
| 260 | |a H. | ||
| 260 | |b Dân Trí | ||
| 260 | |c 2018 | ||
| 300 | |a 147tr. | ||
| 520 | |a Gồm 3 phần trình bày các nội dung: Tổng quan về các cặp đôi đối lập; Các bước của chu trình hợp nhất các cặp đôi đối lập; Kết quả | ||
| 650 | |a Tâm lí học ứng dụng |x Quan hệ tương tác | ||
| 700 | |a Hạnh Nguyên | ||
| 856 | |u http://lrc.tdmu.edu.vn/opac/search/detail.asp?aID=2&ID=35510 | ||
| 980 | |a Trung tâm Học liệu Trường Đại học Thủ Dầu Một | ||